Organic chemistry. (Record no. 4954)

MARC details
000 -LEADER
fixed length control field 01086cam a2200313 a 4500
001 - CONTROL NUMBER
control field 3073935
003 - CONTROL NUMBER IDENTIFIER
control field MUT
005 - DATE AND TIME OF LATEST TRANSACTION
control field 20240606080946.0
008 - FIXED-LENGTH DATA ELEMENTS--GENERAL INFORMATION
fixed length control field 970909s1998 txua 001 0 eng
010 ## - LIBRARY OF CONGRESS CONTROL NUMBER
LC control number 97065257
020 ## - INTERNATIONAL STANDARD BOOK NUMBER
International Standard Book Number 0030204585
040 ## - CATALOGING SOURCE
Original cataloging agency DLC
Transcribing agency DLC
Modifying agency DLC
050 00 - LIBRARY OF CONGRESS CALL NUMBER
Classification number QD251.2
Item number .B764 1998
082 00 - DEWEY DECIMAL CLASSIFICATION NUMBER
Classification number 547
Edition information 21
100 1# - MAIN ENTRY--PERSONAL NAME
Personal name Brown, William Henry,
Dates associated with a name 1932-
245 10 - TITLE STATEMENT
Title Organic chemistry.
250 ## - EDITION STATEMENT
Edition statement 2nd ed. /
Remainder of edition statement William H. Brown with Christopher S. Foote.
260 ## - PUBLICATION, DISTRIBUTION, ETC.
Place of publication, distribution, etc. Fort Worth :
Name of publisher, distributor, etc. Saunders College Pub.,
Date of publication, distribution, etc. c1998.
300 ## - PHYSICAL DESCRIPTION
Extent 1 v. (various pagings) :
Other physical details ill. (some col.) ;
Dimensions 26 cm.
490 0# - SERIES STATEMENT
Series statement Saunders golden sunburst series
500 ## - GENERAL NOTE
General note Stereoscopic viewer in pocket at back of book.
500 ## - GENERAL NOTE
General note Includes index.
650 #0 - SUBJECT ADDED ENTRY--TOPICAL TERM
Topical term or geographic name entry element Chemistry, Organic.
700 1# - ADDED ENTRY--PERSONAL NAME
Personal name Foote, Christopher S.
856 42 - ELECTRONIC LOCATION AND ACCESS
Materials specified Contributor biographical information
Uniform Resource Identifier <a href="http://www.loc.gov/catdir/enhancements/fy1409/97065257-b.html">http://www.loc.gov/catdir/enhancements/fy1409/97065257-b.html</a>
906 ## - LOCAL DATA ELEMENT F, LDF (RLIN)
a 7
b cbc
c orignew
d 2
e opcn
f 19
g y-gencatlg
942 ## - ADDED ENTRY ELEMENTS (KOHA)
Source of classification or shelving scheme Library of Congress Classification
Koha item type Books
Holdings
Withdrawn status Lost status Source of classification or shelving scheme Damaged status Not for loan Home library Current library Date acquired Total checkouts Full call number Barcode Date last seen Date last checked out Price effective from Koha item type
    Library of Congress Classification     Murang'a University of Technology Library Murang'a University of Technology Library 31/01/2017 4 QD251.2 .B764 1998 005182 30/08/2024 05/04/2019 31/01/2017 Books